[Event "12th EUR-ch"]
[Site "Aix-les-Bains FRA"]
[Date "2011.03.31"]
[Round "9.90"]
[White "Poetsch, Hagen"]
[Black "Vocaturo, Daniele"]
[Result "1-0"]
[WhiteElo "2415"]
[BlackElo "2564"]
[EventDate "2011.03.22"]
[PlyCount "65"]

1.e4 e5 2.Nf3 Nc6 3.Bc4 Nf6 4.Ng5 d5 5.exd5 Nd4 6.c3 b5 7.Bf1 Nxd5 8.cxd4 
Qxg5 9.Bxb5+ Kd8 10.O-O exd4 11.Bc6 Rb8 12.d3 Nf4 13.Na3 Bg4 14.Bf3 h5 15.
Nc4 Rb5 16.Re1 Rf5 17.Re4 Bc5 18.b4 Nh3+ 19.gxh3 Bxf3+ 20.Bxg5+ Rxg5+ 21.
Kf1 Bxd1 22.Rxd1 f5 23.Rf4 Be7 24.Ne5 Bd6 25.Rxd4 Ke7 26.Re1 Kf6 27.f4 
Bxe5 28.fxg5+ Ke6 29.Rc4 Kd6 30.Rc5 Bxh2 31.Kg2 Bf4 32.Rxf5 Bd2 33.Re4 1-0

[Event "12th EUR-ch"]
[Site "Aix-les-Bains FRA"]
[Date "2011.03.31"]
[Round "9.91"]
[White "Philippe, Christophe"]
[Black "Swiercz, Dariusz"]
[Result "0-1"]
[WhiteElo "2409"]
[BlackElo "2557"]
[EventDate "2011.03.22"]
[PlyCount "118"]

1.d4 Nf6 2.Nf3 d5 3.e3 c6 4.c4 a6 5.Bd3 Bg4 6.Nbd2 Nbd7 7.Qc2 e6 8.b3 Bd6 
9.Bb2 Qb8 10.O-O O-O 11.h3 Bh5 12.Ng5 Bg6 13.Bxg6 hxg6 14.f4 c5 15.Ndf3 
cxd4 16.Bxd4 Qc7 17.Qf2 dxc4 18.Qh4 Bc5 19.Rac1 Bxd4 20.exd4 b5 21.bxc4 
bxc4 22.Ne5 c3 23.Kh2 Nb6 24.Ng4 Nbd5 25.Nxf6+ Nxf6 26.Rf3 c2 27.Rf2 Rac8 
28.Qg3 Qd6 29.Rfxc2 Rxc2 30.Rxc2 Qxd4 31.Qf2 Qa4 32.Rc7 Ne4 33.Qc2 Qxc2 
34.Rxc2 Nxg5 35.fxg5 Rd8 36.Rc6 Rd5 37.Rxa6 Rxg5 38.Ra8+ Kh7 39.a4 Rd5 40.
h4 g5 41.hxg5 Rxg5 42.a5 Kg6 43.a6 Ra5 44.a7 Ra3 45.Kg1 Kf6 46.Kf2 g6 47.
Ke2 Kf5 48.Kd2 Kf4 49.Kc2 e5 50.Kb2 Ra6 51.Kb3 e4 52.Kb4 e3 53.Kb5 Ra1 54.
Kb6 Kg3 55.Re8 Kf2 56.Re4 e2 57.Rf4+ Kxg2 58.Re4 Kf2 59.Rf4+ Ke3 0-1

[Event "12th EUR-ch"]
[Site "Aix-les-Bains FRA"]
[Date "2011.03.31"]
[Round "9.92"]
[White "Grandelius, Nils"]
[Black "Benitah, Yohan"]
[Result "1-0"]
[WhiteElo "2547"]
[BlackElo "2401"]
[EventDate "2011.03.22"]
[PlyCount "74"]

1.c4 c6 2.Nf3 d5 3.g3 Bg4 4.Bg2 Nd7 5.cxd5 cxd5 6.Qa4 Bxf3 7.Bxf3 Nf6 8.
O-O e6 9.Nc3 a6 10.d3 Be7 11.Bf4 O-O 12.Rfc1 h6 13.Rab1 b5 14.Qd1 e5 15.
Bd2 Nb6 16.b4 Rc8 17.Bg2 Qd7 18.Qb3 Rc7 19.Rc2 Rfc8 20.Rbc1 Kf8 21.a3 Qg4 
22.Kf1 Qe6 23.Nd1 Rxc2 24.Rxc2 Rxc2 25.Qxc2 Kg8 26.Qc7 Bf8 27.Be1 Na4 28.
Nc3 Nxc3 29.Qxc3 g6 30.Qc7 Kg7 31.Bc3 d4 32.Bd2 Qa2 33.Qc1 Kh7 34.Bb7 a5 
35.bxa5 Bxa3 36.Qc6 Be7 37.a6 b4 1-0

[Event "12th EUR-ch"]
[Site "Aix-les-Bains FRA"]
[Date "2011.03.31"]
[Round "9.93"]
[White "Milliet, Sophie"]
[Black "Antal, Gergely"]
[Result "1/2-1/2"]
[WhiteElo "2369"]
[BlackElo "2545"]
[EventDate "2011.03.22"]
[PlyCount "90"]

1.e4 d5 2.exd5 Qxd5 3.Nc3 Qd6 4.d4 Nf6 5.Nf3 g6 6.Nb5 Qb6 7.c4 c6 8.Nc3 
Bg7 9.Be2 O-O 10.Qb3 Qxb3 11.axb3 Na6 12.Bf4 Bf5 13.Ra4 c5 14.d5 Ne4 15.
Be5 Nb4 16.O-O Bxe5 17.Nxe5 Nd2 18.Rfa1 a6 19.Bd1 Rad8 20.Nf3 Nxf3+ 21.
Bxf3 Bd7 22.Ra5 b6 23.Rxa6 Nxa6 24.Rxa6 Rb8 25.Ra7 Rfd8 26.h4 Kf8 27.g4 b5
28.Ne4 bxc4 29.Nxc5 Be8 30.bxc4 Rxb2 31.Rc7 Rc2 32.Kg2 h6 33.Nd3 Rd2 34.
Nf4 Rb8 35.c5 Rb4 36.Kg3 Ba4 37.c6 Bd1 38.Bxd1 Rxd1 39.Rc8+ Kg7 40.Re8 Rc4
41.Rc8 g5 42.hxg5 hxg5 43.Nh5+ Kg6 44.f3 Rxd5 45.Re8 e6 1/2-1/2

[Event "12th EUR-ch"]
[Site "Aix-les-Bains FRA"]
[Date "2011.03.31"]
[Round "9.94"]
[White "Mazur, Stefan"]
[Black "Rapport, Richard"]
[Result "0-1"]
[WhiteElo "2388"]
[BlackElo "2540"]
[EventDate "2011.03.22"]
[PlyCount "60"]

1.d4 Nf6 2.c4 g6 3.Nc3 Bg7 4.e4 d6 5.Nf3 O-O 6.Be2 Nbd7 7.O-O e5 8.Be3 c6 
9.d5 c5 10.Ne1 Ne8 11.Nd3 Qe7 12.Qd2 f5 13.f4 g5 14.fxg5 f4 15.Bf2 Qxg5 
16.Kh1 Ndf6 17.b4 cxb4 18.Nxb4 Ng4 19.Bxg4 Bxg4 20.c5 Qh5 21.Nd3 f3 22.g3 
Bh3 23.Rfb1 Nf6 24.Be3 Ng4 25.Kg1 Bh6 26.Bxh6 f2+ 27.Nxf2 Nxf2 28.Rxb7 Rf7
29.Qxf2 Rxf2 30.Rg7+ Kf8 0-1

[Event "12th EUR-ch"]
[Site "Aix-les-Bains FRA"]
[Date "2011.03.31"]
[Round "9.95"]
[White "Zawadzka, Jolanta"]
[Black "Petrik, Tomas"]
[Result "1-0"]
[WhiteElo "2386"]
[BlackElo "2536"]
[EventDate "2011.03.22"]
[PlyCount "103"]

1.e4 e6 2.d4 d5 3.Nc3 Bb4 4.e5 Ne7 5.Bd2 b6 6.Nce2 Bxd2+ 7.Qxd2 Ba6 8.h4 
c5 9.h5 h6 10.f4 Nbc6 11.Nf3 Qd7 12.g4 O-O-O 13.O-O-O Kb7 14.Kb1 Rc8 15.
Ng3 Bxf1 16.Rhxf1 Nxd4 17.Nxd4 cxd4 18.Ne2 Rc5 19.Nxd4 Rhc8 20.f5 Nc6 21.
Nxc6 R5xc6 22.c3 Qd8 23.f6 Qg8 24.fxg7 Qxg7 25.Qe2 Rc4 26.Rd4 R8c7 27.a3 
a6 28.Ka2 b5 29.Rff4 Qh7 30.Qf2 Rxd4 31.Rxd4 Qg7 32.Qf4 Qh7 33.Qf2 Qg7 34.
Qf4 Kc8 35.Qe3 Qh7 36.Rf4 Kb7 37.Rf6 Qg7 38.Qf4 Kb6 39.Rxh6 Rc4 40.Qe3+ 
Kb7 41.Rf6 Qxg4 42.Rxf7+ Rc7 43.Rxc7+ Kxc7 44.h6 Qc4+ 45.Kb1 Qf1+ 46.Kc2 
Kb7 47.Qc5 Qf5+ 48.Kb3 Qg4 49.Qb4 Qh5 50.Qe7+ Kb8 51.h7 Qd1+ 52.Ka2 1-0

[Event "12th EUR-ch"]
[Site "Aix-les-Bains FRA"]
[Date "2011.03.31"]
[Round "9.96"]
[White "Brandenburg, Daan"]
[Black "Diermair, Andreas"]
[Result "0-1"]
[WhiteElo "2527"]
[BlackElo "2386"]
[EventDate "2011.03.22"]
[PlyCount "128"]

1.e4 c6 2.d4 d5 3.e5 Bf5 4.Be3 e6 5.Nd2 Nd7 6.f4 Qb6 7.Nb3 f6 8.Nf3 a5 9.
a4 Bb4+ 10.c3 Be7 11.Be2 Nh6 12.h3 O-O 13.O-O Kh8 14.Bf2 fxe5 15.fxe5 Rf7 
16.c4 Raf8 17.Be1 Be4 18.c5 Qa7 19.Nfd2 Rxf1+ 20.Bxf1 Bg6 21.Nf3 Bd8 22.
Rc1 Be4 23.Nh2 Nf5 24.Ng4 b6 25.cxb6 Bxb6 26.Bf2 Ne7 27.Bd3 Bf5 28.Bxf5 
exf5 29.Nh2 Nxe5 30.Nc5 Nc4 31.Qe2 Nd6 32.Nf3 Ne4 33.Ne5 Bxc5 34.dxc5 Qc7 
35.Bd4 Ng6 36.Nxg6+ hxg6 37.Qe3 Kg8 38.Rf1 g5 39.Re1 Qb8 40.Bc3 Qa7 41.Qd4
Rf7 42.Kh1 g4 43.hxg4 fxg4 44.Kg1 g3 45.Re3 Qe7 46.Qe5 Qxc5 47.Qe8+ Kh7 
48.Qxf7 Qxe3+ 49.Kf1 Nf6 50.Be1 Qd3+ 51.Kg1 Qd4+ 52.Kf1 Qxa4 53.Qe6 Qc4+ 
54.Kg1 a4 55.Qh3+ Kg6 56.Bxg3 Qg4 57.Kf1 Qxh3 58.gxh3 Kf5 59.Ke2 Ke4 60.
Bf2 d4 61.Be1 Kd5 62.h4 g6 63.Kd2 c5 64.Kc2 Kc4 0-1

[Event "12th EUR-ch"]
[Site "Aix-les-Bains FRA"]
[Date "2011.03.31"]
[Round "9.97"]
[White "Godena, Michele"]
[Black "Zarkua, Davit"]
[Result "1-0"]
[WhiteElo "2526"]
[BlackElo "2397"]
[EventDate "2011.03.22"]
[PlyCount "79"]

1.e4 Nf6 2.e5 Nd5 3.d4 d6 4.c4 Nb6 5.exd6 exd6 6.Nc3 Be7 7.Bd3 Nc6 8.Nge2 
Bg4 9.d5 Ne5 10.O-O O-O 11.b3 Bf6 12.f3 Bh5 13.Bc2 Re8 14.Rb1 Bg6 15.Bxg6 
Nxg6 16.Ne4 Be5 17.Qd3 Qe7 18.Bg5 f6 19.Bd2 Nd7 20.Rbe1 Bb2 21.Qc2 Ba3 22.
Nd4 Qd8 23.Ne6 Qc8 24.f4 a5 25.Rf3 Nc5 26.N4xc5 Bxc5+ 27.Kh1 c6 28.f5 cxd5
29.cxd5 Ne5 30.Rg3 Re7 31.Rc1 b6 32.Qe4 Qb7 33.Bh6 g6 34.fxg6 hxg6 35.
Rxg6+ Nxg6 36.Qxg6+ Kh8 37.Qxf6+ Kh7 38.Re1 Rae8 39.Ng5+ Kg8 40.Qg7+ 1-0

[Event "12th EUR-ch"]
[Site "Aix-les-Bains FRA"]
[Date "2011.03.31"]
[Round "9.98"]
[White "Fejzullahu, Afrim"]
[Black "Vaisser, Anatoly"]
[Result "0-1"]
[WhiteElo "2341"]
[BlackElo "2522"]
[EventDate "2011.03.22"]
[PlyCount "48"]

1.e4 e6 2.d4 d5 3.e5 c5 4.c3 Qb6 5.Nf3 Bd7 6.Nbd2 cxd4 7.Nxd4 Nc6 8.N2f3 
Nxd4 9.Nxd4 Bc5 10.Qg4 Ne7 11.Bd3 Bxd4 12.Qxd4 Qxd4 13.cxd4 a6 14.Be3 Bb5 
15.Kd2 Bxd3 16.Kxd3 Kd7 17.Rac1 Rac8 18.Rxc8 Rxc8 19.Rc1 Nc6 20.a3 h5 21.
Bd2 f6 22.f4 Rf8 23.h4 Rc8 24.Be1 Nxe5+ 0-1

[Event "12th EUR-ch"]
[Site "Aix-les-Bains FRA"]
[Date "2011.03.31"]
[Round "9.99"]
[White "Buchal, Stephan"]
[Black "Fargere, Francois"]
[Result "1/2-1/2"]
[WhiteElo "2337"]
[BlackElo "2520"]
[EventDate "2011.03.22"]
[PlyCount "56"]

1.e4 c5 2.Nf3 d6 3.c3 Nf6 4.e5 Nd5 5.d4 cxd4 6.cxd4 e6 7.Nc3 Nxc3 8.bxc3 
Qc7 9.Bd2 Nd7 10.Ng5 dxe5 11.Qh5 g6 12.Qf3 f5 13.Nxe6 Qd6 14.Nxf8 Nxf8 15.
Bb5+ Kf7 16.O-O e4 17.Qe2 Be6 18.f3 exf3 19.Rxf3 Nd7 20.Bf4 Qd5 21.Re3 
Rhe8 22.Re1 Rac8 23.Ba4 Nb6 24.Bb3 Nc4 25.Re5 Qd7 26.Bxc4 Bxc4 27.Qd2 Rxe5
28.Rxe5 Re8 1/2-1/2

[Event "12th EUR-ch"]
[Site "Aix-les-Bains FRA"]
[Date "2011.03.31"]
[Round "9.100"]
[White "Prie, Eric"]
[Black "Dragomirescu, Robin-Alexandru"]
[Result "0-1"]
[WhiteElo "2508"]
[BlackElo "2385"]
[EventDate "2011.03.22"]
[PlyCount "78"]

1.d4 e6 2.e4 c5 3.c3 Nf6 4.Bd3 Nc6 5.Nf3 d5 6.e5 Nd7 7.O-O Be7 8.a3 a5 9.
Re1 O-O 10.Bc2 Re8 11.Be3 b6 12.Nbd2 Ba6 13.g3 cxd4 14.cxd4 Nf8 15.Rc1 Rc8
16.h4 Na7 17.Ng5 f6 18.exf6 Bxf6 19.Qg4 Re7 20.Ndf3 Rxc2 21.Rxc2 Bd3 22.
Nxe6 Nxe6 23.Rc3 Be4 24.Ng5 Nxd4 25.Qd1 Nab5 26.Rc1 h6 27.Bxd4 Nxd4 28.
Nxe4 Rxe4 29.Kg2 Qe7 30.Rc8+ Kh7 31.Qd3 Qe6 32.Rec1 Qf5 33.Rb8 Bxh4 34.
Rcc8 Bf6 35.Rh8+ Kg6 36.Rxb6 h5 37.Ra6 a4 38.Rxa4 h4 39.Qd1 hxg3 0-1

[Event "12th EUR-ch"]
[Site "Aix-les-Bains FRA"]
[Date "2011.03.31"]
[Round "9.101"]
[White "Flear, Glenn Curtis"]
[Black "Vuilleumier, Alexandre"]
[Result "0-1"]
[WhiteElo "2498"]
[BlackElo "2369"]
[EventDate "2011.03.22"]
[PlyCount "138"]

1.d4 Nf6 2.c4 e6 3.Nc3 Bb4 4.Qc2 O-O 5.a3 Bxc3+ 6.Qxc3 b6 7.Bg5 Bb7 8.e3 
d6 9.Ne2 Nbd7 10.Qd3 Re8 11.Nc3 Qe7 12.e4 h6 13.Bh4 e5 14.d5 Nf8 15.f3 Ng6
16.Bf2 Nd7 17.g3 Nc5 18.Qc2 a5 19.Be2 Bc8 20.h4 Bd7 21.O-O-O a4 22.Kb1 Qf8
23.f4 exf4 24.h5 f3 25.Bxf3 Ne5 26.Be2 Bg4 27.Rh4 Bxe2 28.Nxe2 Nf3 29.Rf4 
Ng5 30.Nc3 Nh3 31.Rh4 Nxf2 32.Qxf2 Re5 33.Qf3 Qe7 34.Rf4 Re8 35.Re1 Qd7 
36.g4 R8e7 37.Ka2 Qe8 38.Re3 Qc8 39.Qe2 Qa6 40.Nb5 Nb3 41.Qc2 Qa5 42.Re2 
Kf8 43.Kb1 Ke8 44.Qd3 Kd8 45.Kc2 Kc8 46.Nc3 Nc5 47.Qf3 f6 48.Qh1 Kb7 49.
Nb5 Nb3 50.Qd1 Qa6 51.Qe1 Qa8 52.Re3 Qe8 53.Nc3 Nc5 54.Kb1 f5 55.gxf5 Qxh5
56.Qf1 Qe8 57.Ka2 Nxe4 58.Nxe4 Rxe4 59.Rexe4 Rxe4 60.f6 Rxf4 61.Qxf4 Qf7 
62.fxg7 Qxf4 63.g8=Q Qxc4+ 64.Ka1 h5 65.Qe6 h4 66.Qf5 Qd4 67.Qf3 Qg1+ 68.
Ka2 Qg3 69.Qh5 h3 0-1

[Event "12th EUR-ch"]
[Site "Aix-les-Bains FRA"]
[Date "2011.03.31"]
[Round "9.102"]
[White "Stanciu, Alexandru-Ovidiu"]
[Black "Stern, Rene"]
[Result "1/2-1/2"]
[WhiteElo "2308"]
[BlackElo "2497"]
[EventDate "2011.03.22"]
[PlyCount "62"]

1.e4 e5 2.Nf3 Nc6 3.Bc4 Bc5 4.d3 Nf6 5.Bb3 d6 6.c3 h6 7.h3 Be6 8.Nbd2 a6 
9.Nf1 d5 10.Qe2 Qe7 11.Ng3 dxe4 12.dxe4 O-O 13.Nh4 Bxb3 14.axb3 Qe6 15.b4 
Bb6 16.Ngf5 Kh7 17.g4 Ng8 18.g5 g6 19.Nxh6 Nxh6 20.gxh6 Nd8 21.Be3 Qf6 22.
Qg4 Ne6 23.O-O-O Bxe3+ 24.fxe3 Qg5 25.Rd7 Qxe3+ 26.Kb1 Nf4 27.Rhd1 Qxe4+ 
28.Ka1 a5 29.b5 Qa4+ 30.Kb1 Qe4+ 31.Ka1 Qa4+ 1/2-1/2

[Event "12th EUR-ch"]
[Site "Aix-les-Bains FRA"]
[Date "2011.03.31"]
[Round "9.103"]
[White "Djukic, Nikola"]
[Black "Stella, Andrea"]
[Result "0-1"]
[WhiteElo "2494"]
[BlackElo "2364"]
[EventDate "2011.03.22"]
[PlyCount "104"]

1.d4 Nf6 2.Bg5 Ne4 3.Bf4 c5 4.f3 Qa5+ 5.c3 Nf6 6.d5 d6 7.e4 g6 8.Nd2 Nbd7 
9.Nc4 Qc7 10.a4 Bg7 11.Bd3 O-O 12.Ne2 Nb6 13.Na3 Bd7 14.Bc2 Nh5 15.Be3 e6 
16.dxe6 Bxe6 17.Nb5 Qc6 18.O-O Nc4 19.Bc1 a6 20.Na3 Nxa3 21.Rxa3 d5 22.e5 
Bxe5 23.f4 Bc7 24.f5 Bd7 25.c4 dxc4 26.Rh3 Ng7 27.Nc3 Be5 28.Nd5 Bd4+ 29.
Qxd4 cxd4 30.Ne7+ Kh8 31.Nxc6 bxc6 32.Bh6 d3 33.f6 Nh5 34.Rh4 dxc2 35.Bxf8
Rxf8 36.Rxc4 Bf5 37.Rxc6 Bd3 38.Rc1 Nf4 39.Kf2 Be4 40.R1xc2 Bxc2 41.Rxc2 
h6 42.Rc6 Rb8 43.Rxa6 Rxb2+ 44.Kf3 Rb4 45.h4 Kh7 46.Ra7 g5 47.Rxf7+ Kg6 
48.Rf8 g4+ 49.Kf2 Rb2+ 50.Ke3 Nd5+ 51.Kd4 Nxf6 52.a5 Rxg2 0-1

[Event "12th EUR-ch"]
[Site "Aix-les-Bains FRA"]
[Date "2011.03.31"]
[Round "9.104"]
[White "Dubov, Daniil"]
[Black "Beinoras, Mindaugas"]
[Result "1-0"]
[WhiteElo "2489"]
[BlackElo "2356"]
[EventDate "2011.03.22"]
[PlyCount "61"]

1.d4 d5 2.c4 c6 3.Nc3 Nf6 4.e3 e6 5.Nf3 Nbd7 6.Bd3 Bd6 7.O-O dxc4 8.Bxc4 
O-O 9.Qc2 b5 10.Bd3 Bb7 11.a3 a6 12.b4 a5 13.Rb1 Qe7 14.e4 axb4 15.axb4 e5
16.Ne2 Rfe8 17.Ng3 exd4 18.Nxd4 Bxb4 19.Ndf5 Qc5 20.Qe2 Ne5 21.Bg5 Ned7 
22.Be3 Qf8 23.Nxg7 Qxg7 24.Rxb4 Ne5 25.Bb1 Rad8 26.Nf5 Qf8 27.Rb3 Ng6 28.
Qb2 Ng4 29.Bc5 Ne7 30.Nxe7+ Rxe7 31.Rg3 1-0

[Event "12th EUR-ch"]
[Site "Aix-les-Bains FRA"]
[Date "2011.03.31"]
[Round "9.105"]
[White "Rouler, Charly"]
[Black "Lobzhanidze, Davit"]
[Result "0-1"]
[WhiteElo "2291"]
[BlackElo "2489"]
[EventDate "2011.03.22"]
[PlyCount "66"]

1.d4 d6 2.g3 e5 3.dxe5 dxe5 4.Qxd8+ Kxd8 5.Bg2 c6 6.Nc3 f6 7.f4 Nd7 8.Nf3 
Bb4 9.Bd2 exf4 10.Bxf4 Ne7 11.Nd4 Bxc3+ 12.bxc3 Ne5 13.Bxe5 fxe5 14.Nf3 
Re8 15.Nxe5 Kc7 16.Bf3 Nf5 17.Ng4 Be6 18.O-O h5 19.Nf2 Ne3 20.Rfc1 h4 21.
gxh4 Rh8 22.h5 Bf5 23.Nd3 g6 24.Kf2 Rae8 25.Rg1 gxh5 26.Rg7+ Kd6 27.Rxb7 
Ng4+ 28.Kg3 h4+ 29.Kf4 Ref8 30.Rxa7 Nxh2 31.Ne1 Nf1 32.Rd1+ Ke6 33.Bxc6 
Bxc2+ 0-1

[Event "12th EUR-ch"]
[Site "Aix-les-Bains FRA"]
[Date "2011.03.31"]
[Round "9.106"]
[White "Yilmaz, Mustafa"]
[Black "Sarbok, Torsten"]
[Result "1-0"]
[WhiteElo "2488"]
[BlackElo "2347"]
[EventDate "2011.03.22"]
[PlyCount "161"]

1.e4 c6 2.d4 d5 3.exd5 cxd5 4.c4 Nf6 5.Nc3 e6 6.Nf3 Nc6 7.Bf4 Bb4 8.Rc1 
O-O 9.c5 Re8 10.Be2 Ne4 11.O-O Qf6 12.Be3 h6 13.Nxe4 dxe4 14.Ne5 Qd8 15.
Qa4 Qa5 16.Bb5 Nxe5 17.Bxe8 Nd3 18.Rb1 e5 19.Qxa5 Bxa5 20.Bb5 exd4 21.Bxd4
Be6 22.c6 Bd5 23.cxb7 Bxb7 24.Rfd1 a6 25.Bxd3 exd3 26.f3 Bc8 27.Rbc1 d2 
28.Rc5 Bb6 29.Rd5 Be6 30.Rd6 Bc7 31.Rc6 Bf4 32.g3 Bd7 33.Rc3 Re8 34.Kf2 
Bd6 35.Re3 Be6 36.Rxd2 Bb4 37.Rc2 Rd8 38.a3 Rxd4 39.axb4 Rxb4 40.Ra3 Rb6 
41.Ke3 Bd7 42.h4 h5 43.Rd3 Be6 44.Rd4 Kh7 45.b4 Kg6 46.Rc5 Kh6 47.Kd2 Ba2 
48.Ra5 Be6 49.Kc3 g6 50.Rc5 Kg7 51.Rc7 Kf6 52.Rd1 Ke5 53.Rc5+ Kf6 54.Rd8 
Ke7 55.Ra8 Rd6 56.Ra7+ Kf6 57.Ra5 Rc6+ 58.Kb2 Rc4 59.Ra4 Bc8 60.Kb3 Rc1 
61.Kb2 Rc4 62.Ra8 Kg7 63.Rb8 Rc6 64.Ra3 Be6 65.Ra5 Rd6 66.Kc3 Bd5 67.g4 
Bxf3 68.g5 f6 69.Rc5 Rd7 70.gxf6+ Kxf6 71.Rb6+ Kg7 72.Rxa6 Be4 73.b5 Rd3+ 
74.Kb4 Rh3 75.Ra7+ Kf6 76.Ra6+ Kg7 77.Rc4 Rxh4 78.b6 Kh6 79.Ra7 Kg5 80.Ka5
Kf4 81.b7 1-0

[Event "12th EUR-ch"]
[Site "Aix-les-Bains FRA"]
[Date "2011.03.31"]
[Round "9.107"]
[White "Wells, Peter"]
[Black "Nuri, Kambez"]
[Result "1-0"]
[WhiteElo "2487"]
[BlackElo "2314"]
[EventDate "2011.03.22"]
[PlyCount "55"]

1.d4 Nf6 2.Bg5 d6 3.Bxf6 gxf6 4.e3 c5 5.Bb5+ Nc6 6.dxc5 dxc5 7.Bxc6+ bxc6 
8.Qxd8+ Kxd8 9.c4 a5 10.Nc3 a4 11.Nf3 Be6 12.O-O Bxc4 13.Rfc1 Rg8 14.Nd2 
Be6 15.b3 axb3 16.axb3 Rxa1 17.Rxa1 Bc8 18.Ra7 Rg4 19.Nc4 Bg7 20.Na5 Be6 
21.Nxc6+ Ke8 22.f3 Rg5 23.f4 Rh5 24.Rxe7+ Kf8 25.Rb7 Kg8 26.Ne4 h6 27.Ng3 
Rh4 28.f5 1-0

[Event "12th EUR-ch"]
[Site "Aix-les-Bains FRA"]
[Date "2011.03.31"]
[Round "9.108"]
[White "Geenen, Marc"]
[Black "Paichadze, Luka"]
[Result "0-1"]
[WhiteElo "2289"]
[BlackElo "2487"]
[EventDate "2011.03.22"]
[PlyCount "102"]

1.e4 c6 2.d4 d5 3.Nc3 dxe4 4.Nxe4 Bf5 5.Ng3 Bg6 6.N1e2 e6 7.Nf4 Bd6 8.h4 
Qc7 9.Nxg6 hxg6 10.Ne4 Nf6 11.Nxd6+ Qxd6 12.c3 Nbd7 13.Qb3 c5 14.Be3 Nd5 
15.O-O-O Nxe3 16.fxe3 O-O-O 17.Be2 cxd4 18.cxd4 Nb6 19.Bf3 Kb8 20.Kb1 Rc8 
21.e4 Rc7 22.e5 Qe7 23.g3 Rd8 24.Rd2 Rc4 25.Qe3 Rb4 26.Be2 Nd5 27.Qa3 Rc8 
28.Rc1 Rxc1+ 29.Kxc1 a6 30.Qd3 Qc7+ 31.Kd1 Qb6 32.b3 Ne7 33.Qf3 Rxd4 34.
Qxf7 Rxd2+ 35.Kxd2 Qa5+ 36.Kd1 Nf5 37.Bf3 Qb6 38.Qxg6 Qg1+ 39.Kc2 Nd4+ 40.
Kb2 Nxf3 41.Qxg7 Qd4+ 42.Kb1 Nd2+ 43.Kc2 Ne4 44.Qf8+ Ka7 45.Qf4 Qc3+ 46.
Kd1 Nxg3 47.Qf2+ Kb8 48.Qf8+ Qc8 49.Qd6+ Ka8 50.Qd3 Nf5 51.h5 Qh8 0-1

[Event "12th EUR-ch"]
[Site "Aix-les-Bains FRA"]
[Date "2011.03.31"]
[Round "9.109"]
[White "Berescu, Alin-Mile"]
[Black "Ptacnikova, Lenka"]
[Result "1/2-1/2"]
[WhiteElo "2481"]
[BlackElo "2307"]
[EventDate "2011.03.22"]
[PlyCount "41"]

1.Nf3 Nf6 2.c4 c5 3.g3 b6 4.Bg2 Bb7 5.O-O e6 6.Nc3 Be7 7.d4 cxd4 8.Qxd4 
O-O 9.Rd1 Nc6 10.Qf4 a6 11.e4 d6 12.b3 Qc7 13.Ba3 Rad8 14.h3 Ne5 15.Rac1 
b5 16.c5 Nxf3+ 17.Bxf3 e5 18.cxd6 Bxd6 19.Bxd6 Rxd6 20.Qe3 Rxd1+ 21.Rxd1 
1/2-1/2

[Event "12th EUR-ch"]
[Site "Aix-les-Bains FRA"]
[Date "2011.03.31"]
[Round "9.110"]
[White "Bellaiche, Anthony"]
[Black "Tate, Alan"]
[Result "1-0"]
[WhiteElo "2472"]
[BlackElo "2300"]
[EventDate "2011.03.22"]
[PlyCount "37"]

1.e4 e5 2.Nf3 Nc6 3.Bb5 a6 4.Ba4 Nf6 5.O-O Be7 6.Re1 b5 7.Bb3 O-O 8.a4 b4 
9.d3 d6 10.Nbd2 Na5 11.Ba2 Be6 12.Bxe6 fxe6 13.c3 c5 14.cxb4 cxb4 15.Nb3 
Nd7 16.d4 exd4 17.Nfxd4 Nxb3 18.Nxe6 Qb6 19.Nxf8 1-0

[Event "12th EUR-ch"]
[Site "Aix-les-Bains FRA"]
[Date "2011.03.31"]
[Round "9.111"]
[White "Beikert, Gunther"]
[Black "Wittmann, Walter"]
[Result "0-1"]
[WhiteElo "2465"]
[BlackElo "2291"]
[EventDate "2011.03.22"]
[PlyCount "80"]

1.e4 c5 2.Nf3 Nc6 3.d4 cxd4 4.Nxd4 Nf6 5.Nc3 d6 6.g3 Nxd4 7.Qxd4 g6 8.Bg2 
Bg7 9.O-O O-O 10.Qd3 Be6 11.Re1 Nd7 12.Nd5 Ne5 13.Qe2 Re8 14.c3 a6 15.f4 
Bxd5 16.exd5 Nd7 17.a4 a5 18.Be3 Qc7 19.Qc2 Rab8 20.Bf1 Nf6 21.Rad1 e6 22.
dxe6 Rxe6 23.Bd4 Rbe8 24.Rxe6 Rxe6 25.Qb3 Ng4 26.Bb6 Qe7 27.h3 Ne3 28.Re1 
h5 29.Bxa5 d5 30.Qb4 Qf6 31.Qxb7 Nxf1 32.Rxf1 Qf5 33.Bb6 Qxh3 34.Bf2 h4 
35.f5 gxf5 36.Re1 hxg3 37.Qb8+ Kh7 38.Bxg3 Rg6 39.Kf2 Bf6 40.Re8 Rxg3 0-1

[Event "12th EUR-ch"]
[Site "Aix-les-Bains FRA"]
[Date "2011.03.31"]
[Round "9.112"]
[White "Denisov, Ivan"]
[Black "Bok, Benjamin"]
[Result "1/2-1/2"]
[WhiteElo "2300"]
[BlackElo "2463"]
[EventDate "2011.03.22"]
[PlyCount "116"]

1.e4 e5 2.Nf3 Nc6 3.Bb5 g6 4.d4 exd4 5.Bg5 f6 6.Bh4 Bg7 7.c3 dxc3 8.Nxc3 
Nge7 9.O-O O-O 10.e5 d5 11.Ba4 Bg4 12.Bxc6 bxc6 13.exf6 Bxf6 14.Bxf6 Rxf6 
15.Qd4 Rxf3 16.Qxg4 Rf7 17.Rfe1 Nf5 18.Re5 Qh4 19.Qxh4 Nxh4 20.Re6 Raf8 
21.f3 Rf5 22.Ne2 R5f6 23.Re7 R8f7 24.Re8+ Rf8 25.Re7 R8f7 26.Re8+ Kg7 27.
Nd4 c5 28.Ne6+ Kh6 29.Nxc5 Rf5 30.Re2 d4 31.Ne4 Rd5 32.Rc1 Nf5 33.Rc6 Re7 
34.Rd2 Kg7 35.Kf2 h6 36.Ke2 Nd6 37.Kd3 Nf7 38.f4 g5 39.g3 Nd8 40.Rc5 Rxc5 
41.Nxc5 Nc6 42.Kc4 gxf4 43.gxf4 Kg6 44.b4 Re1 45.Nd3 Re6 46.b5 Na5+ 47.Kb4
Nb7 48.Ne5+ Kf5 49.Rxd4 a6 50.a4 axb5 51.axb5 Rb6 52.Nd3 c6 53.Kc4 Rxb5 
54.Rd7 Ke6 55.Rxb7 Rxb7 56.Nc5+ Kf5 57.Nxb7 Kxf4 58.Nd8 Kg4 1/2-1/2

[Event "12th EUR-ch"]
[Site "Aix-les-Bains FRA"]
[Date "2011.03.31"]
[Round "9.113"]
[White "Melia, Salome"]
[Black "Hagen, Andreas Skytte"]
[Result "1/2-1/2"]
[WhiteElo "2462"]
[BlackElo "2290"]
[EventDate "2011.03.22"]
[PlyCount "96"]

1.e4 e5 2.Nf3 Nc6 3.Bb5 Nf6 4.O-O Nxe4 5.d4 Nd6 6.Bxc6 dxc6 7.dxe5 Nf5 8.
Qxd8+ Kxd8 9.Nc3 Bd7 10.h3 h6 11.b3 Kc8 12.Bb2 b6 13.Rad1 Ne7 14.Rfe1 c5 
15.Nd2 Be6 16.Ne2 g5 17.Ne4 Ng6 18.N2g3 Nf4 19.Nf6 Be7 20.Nfh5 Rg8 21.Kh2 
Nxh5 22.Nxh5 Bf5 23.Rd2 Bg6 24.Ng3 a5 25.e6 fxe6 26.Rxe6 Bd6 27.Kg1 Kb7 
28.Ne4 Bf4 29.Re2 Rae8 30.Rxg6 Rxg6 31.Nxc5+ Kc6 32.Rxe8 Kxc5 33.g3 Bd6 
34.Ba3+ Kd4 35.Rd8 Kc3 36.Bxd6 cxd6 37.Rc8+ Kb2 38.Rc6 b5 39.c4 b4 40.c5 
Kxa2 41.cxd6 Rg8 42.Ra6 Kxb3 43.Rxa5 Kc3 44.d7 Rd8 45.Rc5+ Kd3 46.Rb5 Kc3 
47.Rc5+ Kd3 48.Rb5 Kc3 1/2-1/2

[Event "12th EUR-ch"]
[Site "Aix-les-Bains FRA"]
[Date "2011.03.31"]
[Round "9.114"]
[White "Delorme, Axel"]
[Black "Rasch, Holger"]
[Result "1-0"]
[WhiteElo "2458"]
[BlackElo "2288"]
[EventDate "2011.03.22"]
[PlyCount "69"]

1.d4 Nf6 2.g3 c5 3.d5 e6 4.Nc3 exd5 5.Nxd5 Nxd5 6.Qxd5 d6 7.Nh3 Nc6 8.c3 
Be7 9.Nf4 g5 10.Nh5 Rg8 11.Qe4 f5 12.Qd5 Rg6 13.h4 Qa5 14.hxg5 Be6 15.Qd1 
O-O-O 16.Nf4 d5 17.Bd2 d4 18.Nxg6 hxg6 19.Bg2 dxc3 20.bxc3 Bxg5 21.f4 Bf6 
22.Qc2 Rxd2 23.Kxd2 Nd4 24.Qb2 Nb5 25.Rhc1 Bc4 26.a4 Nd6 27.Ke1 Ba6 28.Kf2
Nc4 29.Qc2 Qc7 30.Rd1 Qe7 31.e4 g5 32.e5 gxf4 33.Qxf5+ Kc7 34.Qxf6 fxg3+ 
35.Kxg3 1-0

[Event "12th EUR-ch"]
[Site "Aix-les-Bains FRA"]
[Date "2011.03.31"]
[Round "9.115"]
[White "Van Kampen, Robin"]
[Black "Renaze, Luc"]
[Result "1-0"]
[WhiteElo "2456"]
[BlackElo "2286"]
[EventDate "2011.03.22"]
[PlyCount "91"]

1.e4 e5 2.Nf3 Nc6 3.Bb5 a6 4.Ba4 Nf6 5.O-O Be7 6.Re1 b5 7.Bb3 d6 8.c3 O-O 
9.h3 Na5 10.Bc2 d5 11.d4 Nxe4 12.Nxe5 f6 13.Nd3 Bd6 14.Nd2 Nxd2 15.Bxd2 
Bf5 16.Bf4 Nc4 17.Bxd6 Qxd6 18.Nc5 Bxc2 19.Qxc2 Rfe8 20.b3 Nb6 21.Rxe8+ 
Rxe8 22.Nxa6 Nd7 23.Nb4 c5 24.dxc5 Qxc5 25.Rd1 Nb6 26.Qd2 Rd8 27.Re1 d4 
28.Rd1 d3 29.Nxd3 Qc7 30.Qc2 Rc8 31.Nb4 Qxc3 32.Rd8+ Kf7 33.Qxc3 Rxc3 34.
Rb8 Nd7 35.Rxb5 Rc1+ 36.Kh2 Nc5 37.f3 Ne6 38.Rd5 Nf4 39.Rd2 Rb1 40.Nd3 Nd5
41.Ne5+ Ke6 42.Nc4 h5 43.h4 g5 44.Re2+ Kf7 45.hxg5 Nf4 46.Rb2 1-0

[Event "12th EUR-ch"]
[Site "Aix-les-Bains FRA"]
[Date "2011.03.31"]
[Round "9.116"]
[White "Lefebvre, Herve"]
[Black "Berbatov, Kiprian"]
[Result "0-1"]
[WhiteElo "2284"]
[BlackElo "2454"]
[EventDate "2011.03.22"]
[PlyCount "60"]

1.e4 c5 2.Nf3 d6 3.d4 cxd4 4.Nxd4 Nf6 5.Nc3 a6 6.Bc4 e6 7.Bb3 Nbd7 8.Bg5 
Nc5 9.f4 Be7 10.Qf3 Qc7 11.O-O b5 12.f5 O-O 13.fxe6 fxe6 14.Nf5 Bd8 15.Nd5
exd5 16.Bxd5+ Ne6 17.Bxf6 Rxf6 18.e5 dxe5 19.Bxa8 Nd4 20.Bd5+ Kh8 21.Nxd4 
Rxf3 22.Nxf3 Qc5+ 23.Kh1 Qxd5 24.Rad1 Qg8 25.Nxe5 Be6 26.Nf7+ Bxf7 27.Rxf7
h6 28.Ra7 Bf6 29.Rxa6 Qc4 30.c3 Qe2 0-1